LIBRARY & INFORMATION CENTRE, KCAET, TAVANUR

ONLINE PUBLIC ACCESS CATALOGUE (OPAC)

Soil mechanics / (Record no. 8900)

MARC details
000 -LEADER
fixed length control field 00415cam a2200169ua 4500
003 - CONTROL NUMBER IDENTIFIER
control field OSt
008 - FIXED-LENGTH DATA ELEMENTS--GENERAL INFORMATION
fixed length control field 250328b |||||||| |||| 00| 0 eng d
041 ## - LANGUAGE CODE
Language code of text/sound track or separate title eng
082 ## - DEWEY DECIMAL CLASSIFICATION NUMBER
Classification number 624.15136
Item number LAM/SO
100 ## - MAIN ENTRY--AUTHOR NAME
Personal name Lambe, William T.
245 ## - TITLE STATEMENT
Title Soil mechanics /
250 ## - EDITION STATEMENT
Edition statement 1 /
260 ## - PUBLICATION, DISTRIBUTION, ETC. (IMPRINT)
Place of publication New Delhi :
Name of publisher Wiley Eastern Ltd ,
Year of publication 1978.
300 ## - PHYSICAL DESCRIPTION
Number of Pages 553 ; .
700 1# - ADDED ENTRY--PERSONAL NAME
Personal name Whitman, Robert v .
942 ## - ADDED ENTRY ELEMENTS (KOHA)
Koha item type Books
Holdings
Withdrawn status Lost status Damaged status Home library Current library Date acquired Full call number Accession Number Koha item type
      KAUAET KAUAET 19/08/1986 624.15136 LAM/SO 15328 Books
      KAUAET KAUAET 07/04/2012 624.15136 LAM/SO 22212 Books
free website counter